01538nam a22003737a 4500003000500000005001700005008004100022010001000063011001000073035001000083040000900093090001000102100003800112245018000150260004000330300002700370502005000397590003700447590004100484590004100525590004100566590004100607590004200648650002400690650003800714650004800752901000700800942000900807949003600816949004100852999001700893952012600910952012801036CHAP20220329140608.0971013s1969 r 00010 d a54487 a55459 a59611 cCHAP aTesis00aSandoval Noriega, Saúl.9102151 aDeterminación de las láminas de riego a intervalos de aplicación relacionados con fertilización nitrogenada para el cultivo del cártamo en el Valle de Mexicali, B.C. aChapingo, Méx. :bEl autor,c1969 a55 h.b: anexo ; ilus. aTesis (Ing. Agr. Esp. en Irrigación) -- ENA aALEPHb10c20130110lUCH01h1332 aBATCH-UPDb10c20130110lUCH01h0623 aBATCH-UPDb10c20130110lUCH01h2327 aBATCH-UPDb10c20130410lUCH01h0306 aBATCH-UPDb10c20130914lUCH01h0507 aCONVERSIONb10c20130109lUCH01h132914aAzafrancillo.9904814aAzafrancilloxIrrigación.9906814aNitrógenoxEfecto en azafrancillo.981411 aBK cFOLL bBCcTESd-128861eTS1i59611si bBCcTESd-128863eTS2fc.2i59611si c54487d54487 00102local4053708TESISaBCbBCcPA_TESISd2012-12-17fTESISl0p-128863r2019-12-31 00:00:00tc.2w2019-12-31yTESIS 00102local4051718TESISaBCbBCcPA_TESISd2012-12-17fTESISl0oTesisp-128861r2019-12-31 00:00:00w2019-12-31yTESIS